Můj tajný zápisník : pouze pro dívky /

Hlavní autor: Sittrop, Yvette
Jazyk: Čeština
Vydáno: Čestlice : Rebo, 2010
Vydání: 1. vyd.
Témata:
Externí odkaz: Digitalizovaný dokument
Fyzický popis: 95 s. : barev. il. ; 20 cm + samolepky ([4] l.)
Knihy
Uloženo v:
LEADER 01508nam a2200409 a 4500
001 nkc20112159806
003 CZ PrNK
005 20110504124556.0
007 ta
008 110106s2010 xr a c 000 0 cze
015 |a cnb002159806 
020 |a 978-80-255-0317-1  |q (váz.) 
035 |a (OCoLC)724295236 
040 |a BOA001  |b cze 
041 1 |a cze  |h eng 
072 7 |a 821-93  |x Literatura pro děti a mládež (beletrie)  |2 Konspekt  |9 26 
080 |a 821-93  |2 MRF 
080 |a (059.3)  |2 MRF 
100 1 |a Sittrop, Yvette  |7 ola2010592881  |4 aut 
245 1 0 |a Můj tajný zápisník :  |b pouze pro dívky /  |c [text Yvette Sittrop ; z anglického originálu ... přeložila Ivana Rybecká] 
250 |a 1. vyd. 
260 |a Čestlice :  |b Rebo,  |c 2010 
300 |a 95 s. :  |b barev. il. ;  |c 20 cm +  |e samolepky ([4] l.) 
500 |a Název z obálky 
500 |a Listy se samolepkami všity uprostřed pub. 
521 8 |a Nevhodné pro děti do 3 let 
655 7 |a zápisníky  |7 fd133889  |2 czenas 
655 7 |a publikace pro děti  |7 fd133156  |2 czenas 
655 9 |a notebooks  |2 eczenas 
655 9 |a children's literature  |2 eczenas 
765 0 |t Secret stuff for girls only  |9 Česky 
856 4 1 |u http://www.digitalniknihovna.cz/mzk/uuid/uuid:5a1b2d70-6460-11ea-a744-005056827e51  |y Digitalizovaný dokument  |x NDK 
910 2 |a BOA001  |b 1-1265.235 
990 |a BK 
995 |a 01 
991 |b 201104  |e db 
996 6 |b 2610475696  |c 1-1265.235  |l MZK  |r Sklad / do 1 hodiny  |n 0  |p p.v.  |w 001174793  |u 000010  |a 1  |e BOA001  |j MZK50  |s P